E-commerce: súčasný stav v krajinách EÚ

Vymedzenie pojmu elektronické podnikanie (e-business). Formy a úroveň elektronického obchodu. Infraštruktúra a použitie informačných a komunikačných technológií. Miera poskytovania úplne digitalizovaných služieb verejnou správou v EÚ 27.

Salvato in:
Dettagli Bibliografici
Autore principale: Benešová, Dana, 1958-
Natura: Capitolo di libro
Lingua:slovacco
Soggetti:
Tags: Aggiungi Tag
Nessun Tag, puoi essere il primo ad aggiungerne!!

MARC

LEADER 00000naa$a2200000$$$4500
001 0083981
005 20240613101248.8
041 0 |a slo 
044 |a SK 
245 1 0 |a E-commerce: súčasný stav v krajinách EÚ  |c Dana Benešová 
520 |a Vymedzenie pojmu elektronické podnikanie (e-business). Formy a úroveň elektronického obchodu. Infraštruktúra a použitie informačných a komunikačných technológií. Miera poskytovania úplne digitalizovaných služieb verejnou správou v EÚ 27. 
610 2 0 |a obchod elektronický 
610 2 0 |a podnikanie elektronické 
610 2 0 |a Európska únia 
610 2 0 |a informatizácia 
610 2 0 |a spoločnosť informačná 
610 2 0 |a technológie informačné 
610 2 0 |a technológie komunikačné 
610 2 0 |a internet 
100 1 |a Benešová, Dana, 1958-